[Event "Podhale-ch 16th"]
[Site "Rabka Zdroj"]
[Date "2000.02.19"]
[Round "2"]
[White "Prusak, Karol"]
[Black "Dobek, Slawomir"]
[Result "1/2-1/2"]
[WhiteElo "2000"]
[BlackElo "1800"]
[PlyCount "57"]
[EventDate "2000.02.18"]
[EventType "swiss"]
[EventRounds "9"]
[EventCountry "POL"]
[SourceTitle "EXT 2005"]
[Source "ChessBase"]
[SourceDate "2004.11.15"]
[SourceVersion "1"]
[SourceVersionDate "2004.11.15"]
[SourceQuality "1"]

1. d4 e5 2. dxe5 Nc6 3. Nf3 Qe7 4. Qd5 f6 5. exf6 Nxf6 6. Qd1 d5 7. Nc3 Qb4 8. Bd2 Qg4 9. Nb5 Qd7 10. e3 Bc5 11. Be2 0-0 12. 0-0 Ne4 13. Nc3 Qf5 14. Be1 Be6 15. Bd3 Qg6 16. Kh1 Rad8 17. Nd2 Bf5 18. Qe2 Nxc3 19. bxc3 Ne5 20. Bxf5 Qxf5 21. Nb3 Bb6 22. Nd4 Qg6 23. Rd1 Nc4 24. Nf3 Qh5 25. Bd2 Rde8 26. Bc1 c6 27. Nd4 Qg6 28. Qd3 Qh5 29. Qe2 1/2-1/2